Statistics for Bands By All Dead Members #2

Click here to take the quiz!

General Stats

  • This quiz has been taken 32 times
  • The average score is 3 of 8

Answer Stats

HintAnswer% Correct
Chester BenningtonLinkin Park
65%
Ronnie James Dio, Ray Gillen, Cozy PowellBlack Sabbath
58%
Hillel SlovakRed Hot Chili Peppers
55%
Eric Carr, Mark St. JohnKiss
32%
Maurice White, Wade Flemons, Roland Bautista, Jessica Cleaves, Beloyd Taylor, Robert BrookinsEarth, Wind & Fire
29%
Mike Porcaro, Jeff Porcaro, Fergie Frederiksen, Paulette Brown-CastroToto
16%
Hugh McDowell, Mike Edwards, Wilfred Gibson, Kelly Groucutt, Steve WoolamElectric Light Orchestra
10%
Big Bank HankThe Sugarhill Gang
10%

Score Distribution

Percentile by Number Answered

Percent of People with Each Score

Your Score History

You have not taken this quiz